|
|
|
|
| LEADER |
00575cam a2200145 7i4500 |
| 001 |
0000018563 |
| 005 |
20061108090000.0 |
| 090 |
0 |
0 |
|a P 636.0887
|b WOR I 636.0887
|b WOR
|
| 245 |
0 |
0 |
|a World market for pet food & pet care products:key trends & development :
|b Euromonitor GMID:market report :
|b Euromonitor GMID:market report :
|b August 2005.
|
| 260 |
0 |
0 |
|a London:
|b Euromonitor,
|c 2005.
|
| 300 |
# |
# |
|a 15 p..
|
| 650 |
0 |
0 |
|a Pet care products --
|x Markets
|
| 650 |
0 |
0 |
|a Pet industry
|
| 650 |
0 |
0 |
|a Food of animal origin --
|x Markets
|
| 999 |
|
|
|a 0000018751
|b Book
|c Products
|e Business Information Centre
|